| 000 | 01136aam a2200325 i 4500 | ||
|---|---|---|---|
| 999 |
_c36165 _d36165 |
||
| 001 | 768714001 | ||
| 003 | CO-MdFUSB | ||
| 005 | 20200811134035.0 | ||
| 007 | ta | ||
| 008 | 200811t1997 ck |||| |||| 00| 0 spa d | ||
| 020 | _a9589594727 | ||
| 040 |
_bspa. _aCO-MdFUSB _cCO-MdFUSB _dCO-MdFUSBC _erda |
||
| 041 |
_aspa _heng |
||
| 082 | 0 | 4 |
_223 _a248.8421 _bR946c |
| 100 | 1 |
_aRupp, Anne Neufeld _eautor |
|
| 240 | _aGrowing together | ||
| 245 | 1 | 0 |
_aCrecer junto con nuestros hijos _c/ Anne Neufled Rupp ; traducido por Clara Helena Beltrán Suárez |
| 264 | 1 |
_aBogotá, Colombia : _bEdiciones Clara, _c[1997] |
|
| 264 | 4 | _c© 1997 | |
| 300 |
_a166 Páginas _c; 21 cm |
||
| 336 |
_atexto _btxt _2rdacontent |
||
| 337 |
_2rdamedia _asin mediación _bn |
||
| 338 |
_2rdacarrier _avolumen _bnc |
||
| 505 | _aEl árbol genealógico. -- En un emparrado. -- Pastos vírgenes. -- Pequeños arbolitos. -- Pequeños brotes de fresas silvestres. -- Caminos que se bifurcan. | ||
| 563 | _aRústico | ||
| 650 | 0 |
_aVida cristiana _919 |
|
| 700 |
_94789 _aBeltrán Suárez, Clara Helena. _etraductor |
||
| 942 | _cBK | ||
| 945 | _aJTF-925 | ||